Statystyki dla Pętle autobusów linii 700- Warszawa

Kliknij tutaj aby rozwiązać quiz!

Ogólne statystyki

  • Ten quiz został rozwiązany 76 razy
  • Średni wynik to 11 z 32

Statystyki odpowiedzi

Autobus/początek trasyPętla końcowa% Poprawnych
703/721;
P+R Aleja Krakowska-...
Kosów
61%
709;
Metro Wilanowska-...
PKP Piaseczno
58%
705;
Metro Marymont
Rynia/Nowe Załubice
51%
750;
Metro Młociny-...
Palmiry/Dębina
44%
717;
Dworzec Zachodni-...
Piastów Ogińskiego
42%
719;
Metro Księcia Janusza-...
Leszno
41%
710;
Osiedle Kabaty-...
Piaseczno Targowisko
39%
704;
Wiatraczna-...
PKP Halinów
39%
735;
Metro Marymont-...
Zegrze Południowe
39%
742;
Osiedle Kabaty-...
Góra Kalwaria- Rynek
37%
729;
Metro Księcia Janusza-...
Mariew
37%
716;
Cmentarz Wolski-...
Piastów Ogińskiego
36%
706;
P+R Aleja Krakowska-...
Janki - Plac Szwedzki
34%
724;
Osiedle Kabaty-...
Piaseczno Gerbera
34%
707;
P+R Aleja Krakowska-...
Piaseczno Targowisko
34%
720;
Wiatraczna-...
Rzakta
34%
723;
Żerań FSO-...
PKP Legionowo Przystanek
32%
730;
Wiatraczna-...
Brzeziny
31%
733;
P+R Aleja Krakowska-...
Młochów
31%
712;
Metro Młociny-...
Stare Babice- Rynek
31%
727;
Metro Wilanowska-...
Głosków-Szkoła/Cmentarz Południowy-Brama Południowa
29%
714;
Metro Księcia Janusza-...
Koczargi Stare
29%
736;
Żerań FSO-...
Legionowo Mickiewicza
27%
711;
P+R Aleja Krakowska-...
P+R Nadarzyn
27%
728;
P+R Aleja Krakowska-...
Złotokłos
27%
713;
Cmentarz Wolski-...
Koprki AGRICOOP
25%
739;
Metro Wilanowska-...
Julianowska-Cmentarz
24%
738;
Metro Trocka-...
Radzymin - Osiedle Victoria
24%
731;
Żerań FSO
Legionowo - Starostwo Powiatowe
22%
702/722;
Wiatraczna-...
Orla Otwock
20%
743;
Cmentarz Wolski-...
Wolica Koło Płochocina
20%
737;
Ursynów Północny-...
Cmentarz Południowy - Brama Południowa
19%

Rozkład punktacji

Percentyl według liczby udzielonych odpowiedzi

Procent ludzi z każdym wynikiem

Twoja historia wyników

Nie rozwiązałeś tego quizu